<?xml version="1.0" encoding="UTF-8"?>
<collection xmlns:xsi="http://www.w3.org/2001/XMLSchema-instance" xsi:schemaLocation="http://www.loc.gov/MARC21/slim http://www.loc.gov/standards/marcxml/schema/MARC21slim.xsd" xmlns="http://www.loc.gov/MARC21/slim">
 <record>
  <leader>00000ctm a22000004a 4500</leader>
  <controlfield tag="001">UP-99796217613562332</controlfield>
  <controlfield tag="003">Buklod</controlfield>
  <controlfield tag="005">20201217104148.0</controlfield>
  <controlfield tag="006">m     o  j        </controlfield>
  <controlfield tag="007">ta</controlfield>
  <controlfield tag="008">060420s2004    xx      r    |||| u|eng d</controlfield>
  <datafield tag="035" ind1=" " ind2=" ">
   <subfield code="a">(iLib)UPD-00520971860</subfield>
  </datafield>
  <datafield tag="040" ind1=" " ind2=" ">
   <subfield code="a">DML</subfield>
  </datafield>
  <datafield tag="041" ind1=" " ind2=" ">
   <subfield code="a">eng</subfield>
  </datafield>
  <datafield tag="042" ind1=" " ind2=" ">
   <subfield code="a">DMLUC</subfield>
  </datafield>
  <datafield tag="090" ind1=" " ind2=" ">
   <subfield code="a">LG 995 2004 L4</subfield>
   <subfield code="b">S27</subfield>
  </datafield>
  <datafield tag="100" ind1="1" ind2=" ">
   <subfield code="a">Sandoval, Victoria B.</subfield>
   <subfield code="e">author.</subfield>
  </datafield>
  <datafield tag="245" ind1="1" ind2="3">
   <subfield code="a">An assessment of the Nutrition Research Information Network (Nutrinet) at the national level, Philippines</subfield>
   <subfield code="c">Victoria B. Sandoval ; Ma. Divina P. Cruz, Rosvida R. Rosal, advisers ; Africa R. Castillo, reader.</subfield>
  </datafield>
  <datafield tag="264" ind1=" " ind2="1">
   <subfield code="a">Quezon City</subfield>
   <subfield code="b">Institute of Library and Information Science, University of the Philippines Diliman</subfield>
   <subfield code="c">2004.</subfield>
  </datafield>
  <datafield tag="300" ind1=" " ind2=" ">
   <subfield code="a">xviii, 112 leaves</subfield>
  </datafield>
  <datafield tag="500" ind1=" " ind2=" ">
   <subfield code="a">Vita.</subfield>
  </datafield>
  <datafield tag="502" ind1=" " ind2=" ">
   <subfield code="a">Special Problem (Master of Library and Information Science)</subfield>
   <subfield code="c">University of the Philippines Diliman</subfield>
   <subfield code="d">October 2004.</subfield>
  </datafield>
  <datafield tag="520" ind1="3" ind2=" ">
   <subfield code="a">The study aimed to assess if the Nutrition Research Information Network (NURINET) at the national level, Philippines has fulfilled its goal of achieving and efficient flow of information required by the nutrition and nutrition-related Research and Development (R &amp; D) programs or projects of the network.  Specifically, the objectives of the study were: 1) to know the automated  databases developed on food and nutrition and other related fields; 2) to know the linkages developed with schools and other organizations engaged in food and nutrition research and related subject matter; 3) to know the training organized/conducted by the Network; 4) to determine the pool of experts created to assist the network members; 5) to describe the acquisition of library resources in areas of specialization of network members; and 6) to determine the information technology used/applied (hardware and software) of the network members.</subfield>
  </datafield>
  <datafield tag="520" ind1="3" ind2=" ">
   <subfield code="a">There were thirteen (13) institutions in the study.  The respondents were twelve (12) head of institution representing the Governing Board thirteen (13) head librarians representing the Technical Committee.  The descriptive method of research was used.  There were two (2) sets of questionnaire, one for the Governing Board and one for the Technical Committee. Questions were based on objectives of the study.</subfield>
  </datafield>
  <datafield tag="520" ind1="3" ind2=" ">
   <subfield code="a">The data gathered were tabulated, tallied, analyzed and interpreted using frequencies and percentages.  Tables and bar graphs were used to present the data.</subfield>
  </datafield>
  <datafield tag="520" ind1="3" ind2=" ">
   <subfield code="a">Findings of the study were: 1)  NUTRINET developed eight (8)automated databases installed at the focal point of the Network, the Food and Nutrition Research Institute (FNRI) in Bicutan, Taguig, Metro Manila; 2) the Network had expanded in Region VII (Cebu); 3) there were fourteen (14) seminar/trainings and six (6) planning workshops conducted; 4) a member of the Network secretariat attended the CDS/ISIS version and WINISIS training to assist the other Network members; 5) print collection in the area of specialization of the Network members were big while those collection from NUTRINET and its members turned low since most of them could not recall the library materials given and received by them; 6) all Network members agreed that use of information technology improved library operation and services; 7) attending seminar/training contributed to staff development hence considered very useful; 8) Network members computerized through parent institution were 50 percent to 100 percent completed while those computerized through NUTRINET were only 25 percent completed; 9) level of satisfaction of the Network members with regard to the services provided by NUTRINET were very satisfied by the research sector, fairly satisfied by most of the academe and industry sectors and satisfied by the services sector; 10) referrals and telephone were the  common mode of access to information by the Network members; and 11) all the respondents concluded that use of Internet or the need to go on line would improve library operation and services.</subfield>
  </datafield>
  <datafield tag="520" ind1="3" ind2=" ">
   <subfield code="a">To improve the flow of information of the Network, the following recommendation were made: understanding the concepts of networking and resource sharing to establish cooperation among members, fund allocation for the operation of the Network, use of information technology for Internet connection, continuous collection and updating of library materials in their area of specialization, expansion of the Network and publicity to promote Network activities.</subfield>
  </datafield>
  <datafield tag="520" ind1="3" ind2=" ">
   <subfield code="a">On the basis of the results it could be concluded that not all the current library Network members had the capability and readiness of the networking and resource sharing activities.  Computerization is a pre-requisite to access remote information. Equally important is the availability of staff, adequacy of funds and support from the parent institution.  These are basic in achieving an efficient flow of food, nutrition and health related information.</subfield>
  </datafield>
  <datafield tag="650" ind1=" " ind2="0">
   <subfield code="a">Library information networks</subfield>
   <subfield code="z">Philippines.</subfield>
  </datafield>
  <datafield tag="650" ind1=" " ind2="0">
   <subfield code="a">Library cooperation</subfield>
   <subfield code="z">Philippines.</subfield>
  </datafield>
  <datafield tag="650" ind1=" " ind2="0">
   <subfield code="a">Information networks</subfield>
   <subfield code="z">Philippines.</subfield>
  </datafield>
  <datafield tag="691" ind1="0" ind2="0">
   <subfield code="a">Nutrition Research Information Network</subfield>
   <subfield code="x">Evaluation.</subfield>
  </datafield>
  <datafield tag="700" ind1="1" ind2=" ">
   <subfield code="a">Cruz, Ma. Divina P.</subfield>
   <subfield code="e">adviser.</subfield>
  </datafield>
  <datafield tag="700" ind1="1" ind2=" ">
   <subfield code="a">Rosal, Rosvida R.</subfield>
   <subfield code="e">adviser.</subfield>
  </datafield>
  <datafield tag="700" ind1="1" ind2=" ">
   <subfield code="a">Castillo, Africa R.</subfield>
   <subfield code="e">reader.</subfield>
  </datafield>
  <datafield tag="905" ind1=" " ind2=" ">
   <subfield code="a">FI</subfield>
  </datafield>
  <datafield tag="905" ind1=" " ind2=" ">
   <subfield code="a">UP</subfield>
  </datafield>
  <datafield tag="852" ind1="0" ind2=" ">
   <subfield code="a">UPD</subfield>
   <subfield code="b">DLS</subfield>
   <subfield code="h">LG 995 2004 L4 S27</subfield>
  </datafield>
  <datafield tag="942" ind1=" " ind2=" ">
   <subfield code="a">Thesis</subfield>
  </datafield>
 </record>
</collection>
